[Event "TV Borken 1 - SC Steinfurt 1"]
[Site "Regionalliga Münsterland 2019"]
[Date "2019.09.07"]
[Round "1.1"]
[White "Rieke, Theo"]
[Black "Schulze Schwering, Philipp"]
[Result "1/2-1/2"]
[WhiteElo "1977"]
[BlackElo "2067"]
[PlyCount "85"]
[EventDate "2019.??.??"]
[SourceDate "2019.09.14"]

1. Nf3 d5 2. d4 Nf6 3. c4 e6 4. Nc3 c6 5. cxd5 exd5 6. Bg5 Bf5 7. e3 Nbd7 8.
Bd3 Bg6 9. O-O Be7 10. h3 O-O 11. Bxg6 hxg6 12. Qb3 Qb6 13. Ne5 Qxb3 14. axb3
Rfe8 15. Nxd7 Nxd7 16. Bxe7 Rxe7 17. b4 Nb6 18. b3 a6 19. Na4 Nc8 20. Rfc1 Nd6
21. Nc5 Rae8 22. h4 Ne4 23. Nxe4 Rxe4 24. g3 Kf8 25. Kg2 Ke7 26. b5 axb5 27.
Ra7 Kd6 28. Rxb7 R4e7 29. Rb6 Rc7 30. Ra6 f5 31. b4 Rec8 32. Kf3 Re8 33. Rca1
Rb7 34. Ra7 Kc7 35. Ra8 Re7 36. Rh1 Kd6 37. h5 gxh5 38. Rxh5 Ke6 39. Ra6 Rec7
40. Rh1 Ra7 41. Rha1 Rxa6 42. Rxa6 Kf6 43. Rb6 1/2-1/2

[Event "TV Borken 1 - SC Steinfurt 1"]
[Site "Regionalliga Münsterland 2019"]
[Date "2019.09.07"]
[Round "1.2"]
[White "Schroer, Klaus"]
[Black "Graelken, Matthias"]
[Result "0-1"]
[WhiteElo "2001"]
[BlackElo "2022"]
[PlyCount "120"]
[EventDate "2019.??.??"]
[SourceDate "2019.09.14"]

1. d4 c5 2. e3 e6 3. Nf3 Nf6 4. Bd3 b6 5. O-O Be7 6. b3 O-O 7. Bb2 cxd4 8. exd4
Bb7 9. Nbd2 d6 10. Re1 Nbd7 11. a3 Re8 12. Rc1 Bf8 13. Ng5 h6 14. Ngf3 Rc8 15.
c3 Qc7 16. Rc2 Qb8 17. c4 a6 18. b4 Red8 19. Re3 Ng4 20. Re1 Ngf6 21. h3 Bc6
22. Qe2 Bb7 23. Qe3 b5 24. c5 Nd5 25. Qe4 N7f6 26. Qh4 dxc5 27. dxc5 Qf4 28.
Ne4 Qxh4 29. Nxh4 Nxb4 30. Nxf6+ gxf6 31. axb4 Rxd3 32. Bxf6 Bg7 33. Bxg7 Kxg7
34. Nf3 Bxf3 35. gxf3 Rxf3 36. Kg2 Rf4 37. Rb1 Kf6 38. Rd2 Ke7 39. Rb3 Rc4 40.
Ra2 Ra8 41. f3 Rd4 42. Kf2 e5 43. Re2 Ke6 44. Re4 f5 45. Re2 Kd5 46. Rb1 Re8
47. Ra2 Re6 48. Rc2 h5 49. Ra2 h4 50. Rc2 e4 51. Rb3 Rd3 52. fxe4+ fxe4 53. Rb1
Rxh3 54. Rd1+ Rd3 55. Rg1 h3 56. c6 h2 57. Rg5+ Kd4 58. Kg2 Rh6 59. Rc1 h1=Q+
60. Rxh1 Rxc6 0-1

[Event "TV Borken 1 - SC Steinfurt 1"]
[Site "Regionalliga Münsterland 2019"]
[Date "2019.09.07"]
[Round "1.3"]
[White "Arning, Marcus"]
[Black "Beckmann, David"]
[Result "0-1"]
[WhiteElo "1927"]
[BlackElo "2009"]
[PlyCount "76"]
[EventDate "2019.??.??"]
[SourceDate "2019.09.14"]

1. e4 e6 2. d4 d5 3. Nc3 Nf6 4. e5 Nfd7 5. Nf3 c5 6. Bb5 Nc6 7. O-O a6 8. Bxc6
bxc6 9. dxc5 Bxc5 10. Na4 Ba7 11. c4 O-O 12. Be3 Bxe3 13. fxe3 Bb7 14. Qc2 a5
15. Rfc1 Rc8 16. c5 Ba6 17. e4 Bb5 18. Nc3 Nxc5 19. Rd1 Nd7 20. Qb3 Bc4 21. Qa3
Qb6+ 22. Kh1 Qb4 23. Qxb4 axb4 24. Na4 Be2 25. Re1 Bb5 26. b3 Bxa4 27. bxa4 Ra8
28. Rac1 Rfc8 29. Nd4 c5 30. Nb5 d4 31. a3 bxa3 32. Rf1 Nxe5 33. a5 d3 34. Nd6
Rc6 35. Nb7 c4 36. Rc3 a2 37. Ra1 Rc7 38. a6 Rxa6 0-1

[Event "TV Borken 1 - SC Steinfurt 1"]
[Site "Regionalliga Münsterland 2019"]
[Date "2019.09.07"]
[Round "1.4"]
[White "Vijayakumaran, Vithoosan"]
[Black "Yust, Evgeniy"]
[Result "1/2-1/2"]
[WhiteElo "1764"]
[BlackElo "1914"]
[PlyCount "91"]
[EventDate "2019.??.??"]
[SourceDate "2019.09.14"]

1. c4 f5 2. g3 Nf6 3. Nf3 d6 4. d4 g6 5. b3 Bg7 6. Bb2 O-O 7. Bg2 Qe8 8. Nc3
Nc6 9. d5 Nd8 10. Nb5 Qd7 11. Nbd4 e5 12. dxe6 Nxe6 13. Nxe6 Qxe6 14. Qc2 Rb8
15. O-O Bd7 16. Rad1 Qe7 17. Ba3 Rfe8 18. Rfe1 Bc6 19. c5 Be4 20. Qc1 d5 21. c6
Qd8 22. Nd4 Bxg2 23. Kxg2 b5 24. Bc5 a6 25. e3 Ne4 26. Bb4 Qf6 27. Ne2 Rbd8 28.
Nd4 Qe5 29. Nf3 Qe6 30. Nd4 Qf6 31. Re2 Ng5 32. Bc3 Qe7 33. Qc2 Ne4 34. Bb2 h5
35. Nf3 b4 36. Nd4 h4 37. Rg1 Rd6 38. Qd3 Ng5 39. gxh4 Nf7 40. Nf3 Bxb2 41.
Rxb2 Rxc6 42. Qxd5 Rc3 43. Ng5 Rd8 44. Qxf7+ Qxf7 45. Nxf7 Kxf7 46. Kf3 1/2-1/2

[Event "TV Borken 1 - SC Steinfurt 1"]
[Site "Regionalliga Münsterland 2019"]
[Date "2019.09.07"]
[Round "1.5"]
[White "Schulz, Joachim"]
[Black "Thesing, Ansgar"]
[Result "0-1"]
[WhiteElo "1896"]
[BlackElo "1789"]
[PlyCount "55"]
[EventDate "2019.??.??"]
[SourceDate "2019.09.14"]

1. Nc3 c5 2. Nf3 e6 3. d4 cxd4 4. Nxd4 a6 5. g3 Qc7 6. Bg2 Nc6 7. O-O Nf6 8. e4
Bc5 9. Nb3 Be7 10. Bf4 d6 11. a4 Nd7 12. a5 b5 13. axb6 Nxb6 14. Na4 Nc4 15.
Qh5 g6 16. Qh6 Bf8 17. Qh4 Bg7 18. Rad1 h6 19. Bc1 Rb8 20. Rfe1 Nb4 21. Re2 Na2
22. e5 Nxc1 23. Nxc1 Nxe5 24. f4 Nc4 25. b3 Nb6 26. f5 gxf5 27. Nd3 O-O 28. Ra1
0-1

[Event "TV Borken 1 - SC Steinfurt 1"]
[Site "Regionalliga Münsterland 2019"]
[Date "2019.09.07"]
[Round "1.6"]
[White "Farwick, Christian"]
[Black "Janning, Rainer"]
[Result "1/2-1/2"]
[WhiteElo "1843"]
[BlackElo "1888"]
[PlyCount "85"]
[EventDate "2019.??.??"]
[SourceDate "2019.09.14"]

1. Nf3 d5 2. d4 e6 3. e3 f5 4. Nbd2 Nf6 5. c3 Bd6 6. Bd3 O-O 7. Ne5 Bxe5 8.
dxe5 Ng4 9. f4 Nxe3 10. Qe2 Ng4 11. O-O c5 12. h3 Nh6 13. Nf3 Bd7 14. Be3 b6
15. Kh1 Qe8 16. Ng5 Nf7 17. g4 Nxg5 18. fxg5 Nc6 19. Bf4 Ne7 20. Rae1 Bc6 21.
Kh2 a6 22. b3 b5 23. h4 c4 24. Bc2 Bb7 25. bxc4 dxc4 26. gxf5 Nxf5 27. Bxf5
Rxf5 28. Bg3 Rxf1 29. Rxf1 Rd8 30. Rd1 Rxd1 31. Qxd1 Qc6 32. Kh3 Qg2+ 33. Kg4
Bd5 34. a3 g6 35. Qe1 Be4 36. Qe3 Bf5+ 37. Kf4 Qf1+ 38. Bf2 Qd3 39. Qxd3 cxd3
40. Be1 Kf7 41. Ke3 Ke7 42. Kd4 Kd7 43. Kc5 1/2-1/2

[Event "TV Borken 1 - SC Steinfurt 1"]
[Site "Regionalliga Münsterland 2019"]
[Date "2019.09.07"]
[Round "1.7"]
[White "Raue, Thorsten"]
[Black "Boldrick, Marcel"]
[Result "0-1"]
[WhiteElo "1803"]
[BlackElo "1647"]
[PlyCount "78"]
[EventDate "2019.??.??"]
[SourceDate "2019.09.14"]

1. b4 e6 2. Bb2 Nf6 3. b5 a6 4. a4 axb5 5. axb5 Rxa1 6. Bxa1 d5 7. e3 Nbd7 8.
Nf3 Bd6 9. c4 c6 10. cxd5 cxd5 11. Be2 O-O 12. O-O e5 13. d4 e4 14. Nfd2 Ne8
15. Qb3 Nb6 16. Nc3 Be6 17. Bb2 f5 18. Ba3 Rf6 19. Bc5 Rh6 20. g3 Nf6 21. Na4
Nxa4 22. Qxa4 b6 23. Bxd6 Qxd6 24. Qa8+ Kf7 25. Rc1 Bd7 26. Qb7 Kf8 27. Rc7 g5
28. Nb3 Qb4 29. Nc5 bxc5 30. dxc5 Qe1+ 31. Kg2 Qxe2 32. Rc8+ Bxc8 33. Qxc8+ Kg7
34. Qc7+ Kg6 35. Qc6 f4 36. gxf4 gxf4 37. exf4 Qg4+ 38. Kf1 Rxh2 39. Ke1 Qxf4
0-1

[Event "TV Borken 1 - SC Steinfurt 1"]
[Site "Regionalliga Münsterland 2019"]
[Date "2019.09.07"]
[Round "1.8"]
[White "Klueppel, Ralf"]
[Black "Wild, Helmut"]
[Result "0-1"]
[WhiteElo "1784"]
[BlackElo "1855"]
[PlyCount "64"]
[EventDate "2019.??.??"]
[SourceDate "2019.09.14"]

1. d4 d5 2. Nf3 c6 3. e3 Bf5 4. c4 e6 5. Nc3 a6 6. a4 Bb4 7. Bd2 Nf6 8. Ne5
Nbd7 9. Nxd7 Qxd7 10. Ne4 Bxd2+ 11. Nxd2 O-O 12. Be2 Ne4 13. O-O Nxd2 14. Qxd2
dxc4 15. Bxc4 b5 16. axb5 cxb5 17. Be2 Be4 18. f4 Rfc8 19. Rfc1 Qb7 20. Bf1
Rxc1 21. Rxc1 a5 22. Rc5 b4 23. Qc1 g6 24. Rb5 Qc8 25. Rc5 Qd8 26. g3 a4 27.
Bg2 Bxg2 28. Kxg2 a3 29. Qa1 Ra5 30. Rc1 Qd5+ 31. Kf2 axb2 32. Qxb2 Ra2 0-1

[Event "SC Klein-Berlin Rheine 1 - SC Gronau 1"]
[Site "Regionalliga Münsterland 2019"]
[Date "2019.09.07"]
[Round "1.1"]
[White "Monsma, Menno"]
[Black "Bruemmer, Frank"]
[Result "1-0"]
[WhiteElo "2062"]
[BlackElo "2198"]
[PlyCount "83"]
[EventDate "2019.??.??"]
[SourceDate "2019.09.14"]

1. Nf3 c5 2. e4 e6 3. d3 d5 4. Nbd2 Nc6 5. g3 Nf6 6. Bg2 dxe4 7. dxe4 e5 8. O-O
Qc7 9. c3 Be7 10. Qc2 O-O 11. Re1 Rd8 12. a4 b6 13. Nc4 Be6 14. Bf1 h6 15. h3
Nh7 16. Be3 Ng5 17. Nxg5 hxg5 18. Qc1 f6 19. f4 gxf4 20. gxf4 exf4 21. Bxf4 Ne5
22. Qe3 Bd6 23. Nxd6 Qxd6 24. a5 Qe7 25. axb6 axb6 26. Rxa8 Rxa8 27. Bxe5 fxe5
28. Rd1 Rf8 29. Rd2 Rf4 30. Bg2 Qg5 31. Kh2 Qe7 32. Qd3 Rf8 33. Qg3 Bc4 34. Rf2
Rxf2 35. Qxf2 Qg5 36. Bf3 Qf4+ 37. Kg2 Kf7 38. b4 cxb4 39. cxb4 b5 40. Bh5+ Kf6
41. Qb6+ Be6 42. Qd8# 1-0

[Event "SC Klein-Berlin Rheine 1 - SC Gronau 1"]
[Site "Regionalliga Münsterland 2019"]
[Date "2019.09.07"]
[Round "1.2"]
[White "Henneberger, Sven"]
[Black "Buendgen, Achim"]
[Result "0-1"]
[WhiteElo "2058"]
[BlackElo "2072"]
[PlyCount "166"]
[EventDate "2019.??.??"]
[SourceDate "2019.09.14"]

1. Nf3 g6 2. c4 Bg7 3. Nc3 c5 4. g3 Nc6 5. Bg2 e6 6. O-O Nge7 7. Ne4 d6 8. e3
O-O 9. d4 cxd4 10. exd4 d5 11. cxd5 Nxd5 12. Nc3 Nce7 13. Nxd5 Nxd5 14. h4 h6
15. Ne5 b6 16. Qe2 Bb7 17. Rd1 Qe7 18. Ng4 h5 19. Ne5 Rac8 20. Bg5 Qd6 21. Rac1
Rxc1 22. Bxc1 Rc8 23. a3 Qe7 24. Bg5 Qd6 25. Bc1 Rc7 26. Re1 Nf6 27. Bxb7 Rxb7
28. Qf3 Qd5 29. Qc3 Qd8 30. Bg5 Qc7 31. Qf3 Nd5 32. Rc1 Qb8 33. Qe2 Kh7 34. Nf3
Rc7 35. Kg2 Qc8 36. Rxc7 Qxc7 37. Qb5 Qc8 38. Qd3 Qd7 39. Qc2 Qb7 40. Qe4 Qc7
41. Bd2 Kg8 42. Ne5 Qd6 43. Bc1 Bxe5 44. dxe5 Qc6 45. Bg5 Ne3+ 46. Kf3 Qxe4+
47. Kxe4 Nd1 48. Be3 Nxb2 49. Bd4 Nc4 50. a4 Na5 51. Bc3 Nc6 52. Kd3 Ne7 53.
Kc4 a6 54. a5 bxa5 55. Bxa5 Nd5 56. Kc5 f6 57. exf6 Kf7 58. Bd8 Nxf6 59. f3 e5
60. Kb6 e4 61. fxe4 Nxe4 62. Kc6 Ke6 63. Bc7 a5 64. Bxa5 Nxg3 65. Be1 Nf1 66.
Kc7 Nh2 67. Kd8 Nf3 68. Bf2 Kf5 69. Ke7 Kg4 70. Kf6 Nxh4 71. Be3 Ng2 72. Bg1
Nf4 73. Bh2 g5 74. Ke5 Nd3+ 75. Ke4 Ne1 76. Ke3 Kh3 77. Bc7 Kg2 78. Bd8 Nf3 79.
Ke4 h4 80. Kf5 h3 81. Bc7 h2 82. Bxh2 Kxh2 83. Kg4 Kg2 0-1

[Event "SC Klein-Berlin Rheine 1 - SC Gronau 1"]
[Site "Regionalliga Münsterland 2019"]
[Date "2019.09.07"]
[Round "1.3"]
[White "Ellenbroek, Ton"]
[Black "Ottens, Stephan"]
[Result "0-1"]
[WhiteElo "1986"]
[BlackElo "2057"]
[PlyCount "98"]
[EventDate "2019.??.??"]
[SourceDate "2019.09.14"]

1. e4 c5 2. Nf3 d6 3. Bb5+ Bd7 4. Bxd7+ Nxd7 5. O-O Ngf6 6. Re1 g6 7. c3 Bg7 8.
d4 O-O 9. e5 dxe5 10. dxe5 Ng4 11. e6 fxe6 12. h3 Nge5 13. Ng5 Rf6 14. f4 Nc6
15. Nxe6 Rxe6 16. Rxe6 Nde5 17. Qe2 Nd3 18. Na3 a6 19. Qe4 Rc8 20. Be3 Nxb2 21.
Nc4 Na4 22. Ne5 Bxe5 23. Qxa4 Bxc3 24. Rd1 Bd4 25. Bxd4 Nxd4 26. Re5 Qd6 27.
Qc4+ e6 28. Kh1 b5 29. Qd3 Kg7 30. Qe4 Rf8 31. h4 h5 32. Rg5 Rf6 33. g3 Rf5 34.
Qb7+ Rf7 35. Qe4 Rf5 36. Qb7+ Kf6 37. Qe4 Qd5 38. Rxf5+ gxf5 39. Qg2 Ke7 40.
Re1 Kd6 41. Re5 Qxg2+ 42. Kxg2 c4 43. g4 fxg4 44. Rxh5 c3 45. Re5 c2 46. Re1
Ne2 47. h5 c1=Q 48. Rxc1 Nxc1 49. h6 Ne2 0-1

[Event "SC Klein-Berlin Rheine 1 - SC Gronau 1"]
[Site "Regionalliga Münsterland 2019"]
[Date "2019.09.07"]
[Round "1.4"]
[White "Averkamp Peters, Jens"]
[Black "Luetkehermoelle, Martin"]
[Result "1-0"]
[WhiteElo "1958"]
[BlackElo "1952"]
[PlyCount "49"]
[EventDate "2019.??.??"]
[SourceDate "2019.09.14"]

1. e4 e6 2. d4 d5 3. exd5 exd5 4. Nf3 Bd6 5. c4 Qe7+ 6. Be2 dxc4 7. O-O Nf6 8.
Bxc4 O-O 9. Re1 Qd8 10. Bg5 Bg4 11. Nbd2 h6 12. Bh4 Nc6 13. h3 Bh5 14. g4 Bg6
15. Ne5 Bh7 16. Ndf3 g5 17. Bg3 Na5 18. Bd3 Bb4 19. Re2 Qd5 20. a3 Bxd3 21.
Qxd3 Nb3 22. Rd1 Bd6 23. Re3 Na5 24. h4 Nh7 25. Nd7 1-0

[Event "SC Klein-Berlin Rheine 1 - SC Gronau 1"]
[Site "Regionalliga Münsterland 2019"]
[Date "2019.09.07"]
[Round "1.5"]
[White "Storck, Martin"]
[Black "Langhans, Joerg"]
[Result "1/2-1/2"]
[WhiteElo "1958"]
[BlackElo "1947"]
[PlyCount "70"]
[EventDate "2019.??.??"]
[SourceDate "2019.09.14"]

1. c4 e5 2. Nc3 d6 3. d4 exd4 4. Qxd4 Nf6 5. g3 g6 6. Nd5 Bg7 7. Bg5 Nbd7 8.
Qe3+ Kf8 9. Nxf6 Nxf6 10. Bh6 c6 11. Nf3 Be6 12. Bxg7+ Kxg7 13. Qc3 Re8 14. Bg2
Kg8 15. Nd4 Bd7 16. e3 Qe7 17. O-O Ne4 18. Qd3 Rad8 19. Rad1 Bc8 20. Qa3 a6 21.
Qd3 d5 22. cxd5 Rxd5 23. Bxe4 Qxe4 24. Qxe4 Rxe4 25. Kg2 Re8 26. Rc1 c5 27. Nb3
b6 28. Rfd1 Red8 29. Rxd5 Rxd5 30. Kf3 Kf8 31. e4 Rd6 32. Ke3 Be6 33. Nd2 Rd4
34. a3 Rd8 35. h4 f6 1/2-1/2

[Event "SC Klein-Berlin Rheine 1 - SC Gronau 1"]
[Site "Regionalliga Münsterland 2019"]
[Date "2019.09.07"]
[Round "1.6"]
[White "Langhanke, Guenther"]
[Black "Langendijk, Andre"]
[Result "1-0"]
[WhiteElo "1942"]
[BlackElo "1926"]
[PlyCount "127"]
[EventDate "2019.??.??"]
[SourceDate "2019.09.14"]

1. e4 c5 2. Nc3 g6 3. g3 Bg7 4. Bg2 Nc6 5. d3 d6 6. Nh3 Nd4 7. O-O Rb8 8. f4 b5
9. Nf2 e6 10. Ne2 Ne7 11. c3 Nxe2+ 12. Qxe2 O-O 13. Be3 b4 14. d4 bxc3 15. bxc3
cxd4 16. Bxd4 Qa5 17. Bxg7 Kxg7 18. Qd2 Rd8 19. Ng4 Qc5+ 20. Rf2 f5 21. exf5
Nxf5 22. Re1 Bd7 23. Ne3 Nxe3 24. Qxe3 Rdc8 25. Qxc5 Rxc5 26. Rd2 d5 27. Bxd5
Kf6 28. Bb3 Rb7 29. Rd6 Ke7 30. Ra6 Rxc3 31. Bxe6 Bxe6 32. Raxe6+ Kf7 33. R1e2
Ra3 34. Rc6 Rd7 35. Kg2 Kg7 36. Kh3 Ra5 37. Rc3 Kf6 38. a3 Ra4 39. Rb2 Rd5 40.
Kg4 Ra6 41. Kf3 Rda5 42. Rbb3 Rd5 43. g4 h6 44. h4 g5 45. fxg5+ hxg5 46. h5 Rd4
47. Rb5 Rf4+ 48. Kg3 Re6 49. Rxg5 Kxg5 50. Rc5+ Kh6 51. Kxf4 Ra6 52. Kf5 Rxa3
53. Rc6+ Kg7 54. Rc7+ Kg8 55. Rc6 Rf3+ 56. Kg6 Rf8 57. Ra6 Rf4 58. g5 Rf7 59.
h6 Rg7+ 60. Kh5 Rb7 61. Ra5 Rc7 62. g6 Rb7 63. Rc5 Rb8 64. h7+ 1-0

[Event "SC Klein-Berlin Rheine 1 - SC Gronau 1"]
[Site "Regionalliga Münsterland 2019"]
[Date "2019.09.07"]
[Round "1.7"]
[White "Reckzuegel, Philipp"]
[Black "Bruemmer, Andreas"]
[Result "1-0"]
[WhiteElo "1905"]
[BlackElo "1917"]
[PlyCount "65"]
[EventDate "2019.??.??"]
[SourceDate "2019.09.14"]

1. d4 f5 2. g3 Nf6 3. Bg2 e6 4. c4 Be7 5. Nc3 O-O 6. e3 d6 7. Nge2 c6 8. O-O e5
9. b4 a5 10. b5 cxb5 11. Nxb5 Nc6 12. Bb2 Kh8 13. Rc1 e4 14. d5 Nb4 15. Ba3 Nd3
16. Rc2 Ng4 17. Nf4 Nge5 18. Nxd3 Nxd3 19. f3 exf3 20. Qxd3 fxg2 21. Kxg2 Ra6
22. Rcf2 Bf6 23. Nd4 g6 24. Bb2 Qe7 25. g4 Be5 26. gxf5 Qh4 27. Kh1 Bxf5 28.
Nxf5 Rxf5 29. Bxe5+ Rxe5 30. Rf4 Qe7 31. Rf7 Rxe3 32. Rxe7 Rxd3 33. Rf8# 1-0

[Event "SC Klein-Berlin Rheine 1 - SC Gronau 1"]
[Site "Regionalliga Münsterland 2019"]
[Date "2019.09.07"]
[Round "1.8"]
[White "Ratert, Matthias"]
[Black "Kloenne, Tim"]
[Result "1/2-1/2"]
[WhiteElo "1857"]
[BlackElo "1801"]
[PlyCount "119"]
[EventDate "2019.??.??"]
[SourceDate "2019.09.14"]

1. e4 c6 2. d4 d5 3. e5 Bf5 4. Ne2 e6 5. Ng3 Bg6 6. Bd3 Bxd3 7. Qxd3 Qa5+ 8.
Nd2 Qa6 9. Qe2 Qxe2+ 10. Kxe2 Nd7 11. f4 g6 12. Nf3 Ne7 13. Be3 c5 14. dxc5 Nc6
15. c4 Bxc5 16. cxd5 exd5 17. Rhd1 Bxe3 18. Kxe3 Nb6 19. b3 Ke7 20. Ne2 Rac8
21. a3 Rhd8 22. Rac1 Na5 23. Nfd4 Rxc1 24. Rxc1 Rc8 25. Rxc8 Nxc8 26. g4 Kd7
27. Nc3 Ne7 28. f5 gxf5 29. gxf5 Nec6 30. e6+ fxe6 31. Nxe6 d4+ 32. Nxd4 Nxd4
33. Kxd4 Nxb3+ 34. Ke5 Ke7 35. f6+ Kf7 36. Nb5 Nc5 37. Nd6+ Kf8 38. Kf5 a6 39.
Kg5 b5 40. Kh6 Nd7 41. Kxh7 Nxf6+ 42. Kg6 Ke7 43. h4 Ke6 44. Nb7 Nd7 45. h5 Ke7
46. h6 Nf8+ 47. Kf5 Kf7 48. Nd6+ Ke7 49. Nxb5 axb5 50. Ke5 Kf7 51. Kd6 Kg6 52.
Kc5 Kxh6 53. Kxb5 Kg6 54. a4 Kf7 55. Kc6 Ke7 56. a5 Nd7 57. Kc7 Nc5 58. Kc6 Nd7
59. Kd5 Nb8 60. Kc5 1/2-1/2

[Event "SG Ahaus-Wessum 1 - SK Dülmen 1"]
[Site "Regionalliga Münsterland 2019"]
[Date "2019.09.07"]
[Round "1.1"]
[White "Eiersbrock, Robin"]
[Black "Wensing, Maximilian"]
[Result "1/2-1/2"]
[WhiteElo "2053"]
[BlackElo "2135"]
[PlyCount "56"]
[EventDate "2019.??.??"]
[SourceDate "2019.09.14"]

1. d4 Nf6 2. Bg5 g6 3. Bxf6 exf6 4. c4 b6 5. Nc3 Bb7 6. e3 Bg7 7. Nge2 O-O 8.
Nf4 f5 9. Be2 c5 10. dxc5 bxc5 11. O-O Nc6 12. Qd6 Qe7 13. Rfd1 Rfd8 14. Na4
Qxd6 15. Rxd6 Bf8 16. Nxc5 Bc8 17. Rad1 Bxd6 18. Rxd6 Rb8 19. b3 Ne7 20. Bf3
Rb6 21. Rxb6 axb6 22. Na4 d5 23. Nxd5 Nxd5 24. Bxd5 b5 25. Nc5 bxc4 26. bxc4
Kf8 27. h4 Ke7 28. a4 Be6 1/2-1/2

[Event "SG Ahaus-Wessum 1 - SK Dülmen 1"]
[Site "Regionalliga Münsterland 2019"]
[Date "2019.09.07"]
[Round "1.2"]
[White "Schulze Ameling, Hendrik"]
[Black "Grund, Wolfgang"]
[Result "1-0"]
[WhiteElo "1991"]
[BlackElo "1889"]
[PlyCount "50"]
[EventDate "2019.??.??"]
[SourceDate "2019.09.14"]

1. d4 d5 2. Nf3 e6 3. c4 c6 4. Nc3 dxc4 5. a4 Bb4 6. g3 Nf6 7. Bg2 O-O 8. O-O
h6 9. Qc2 a5 10. e4 b6 11. Bf4 Bb7 12. Rfd1 Nbd7 13. e5 Nd5 14. Ne4 Nxf4 15.
gxf4 b5 16. axb5 cxb5 17. Neg5 Re8 18. Qh7+ Kf8 19. Qh8+ Ke7 20. Qxg7 hxg5 21.
Nxg5 Rf8 22. Bxb7 Rb8 23. Bg2 Qe8 24. d5 Rg8 25. Qh7 Rh8 1-0

[Event "SG Ahaus-Wessum 1 - SK Dülmen 1"]
[Site "Regionalliga Münsterland 2019"]
[Date "2019.09.07"]
[Round "1.3"]
[White "Nolting, Bodo"]
[Black "Rosing, Hermann"]
[Result "1/2-1/2"]
[WhiteElo "1726"]
[BlackElo "1980"]
[PlyCount "69"]
[EventDate "2019.??.??"]
[SourceDate "2019.09.14"]

1. e4 e5 2. Nf3 d6 3. d4 Nd7 4. Bc4 Be7 5. dxe5 Nxe5 6. Nxe5 dxe5 7. Qxd8+ Bxd8
8. Nc3 Nf6 9. Bd2 c6 10. a4 a5 11. h3 O-O 12. O-O Bb6 13. Rad1 Be6 14. Bxe6
fxe6 15. Be3 Bxe3 16. fxe3 Rad8 17. g4 h6 18. Kg2 Kf7 19. Rxd8 Rxd8 20. Kf3 Rd2
21. Rf2 Rxf2+ 22. Kxf2 Ke7 23. Ke2 Kd6 24. Kd3 Kc5 25. Na2 b5 26. axb5 cxb5 27.
c3 b4 28. cxb4+ axb4 29. b3 Kb5 30. Nc1 Nd7 31. Ke2 Nc5 32. Kf3 g5 33. Ke2 Kb6
34. Nd3 Nxd3 35. Kxd3 1/2-1/2

[Event "SG Ahaus-Wessum 1 - SK Dülmen 1"]
[Site "Regionalliga Münsterland 2019"]
[Date "2019.09.07"]
[Round "1.4"]
[White "Diehlmann, Christian"]
[Black "Loedding, Detlef"]
[Result "1/2-1/2"]
[WhiteElo "1936"]
[BlackElo "1890"]
[PlyCount "38"]
[EventDate "2019.??.??"]
[SourceDate "2019.09.14"]

1. d4 Nf6 2. Nf3 e6 3. Bg5 d5 4. e3 h6 5. Bh4 Be7 6. Bd3 Nbd7 7. O-O c5 8. c3
O-O 9. dxc5 Nxc5 10. Bc2 b6 11. Nbd2 Ba6 12. Re1 Nd3 13. Bxd3 Bxd3 14. Ne5 Bb5
15. Qb3 Qe8 16. a4 Ba6 17. a5 b5 18. f4 Rc8 19. Nd3 Nd7 1/2-1/2

[Event "SG Ahaus-Wessum 1 - SK Dülmen 1"]
[Site "Regionalliga Münsterland 2019"]
[Date "2019.09.07"]
[Round "1.5"]
[White "Rebber, Christian"]
[Black "Winking, Hendrik"]
[Result "1-0"]
[WhiteElo "1833"]
[BlackElo "1937"]
[PlyCount "67"]
[EventDate "2019.??.??"]
[SourceDate "2019.09.14"]

1. e4 b6 2. d4 e6 3. Nf3 Bb7 4. Bd3 Nf6 5. Qe2 c5 6. O-O Be7 7. Nc3 cxd4 8.
Nxd4 Nc6 9. Nxc6 dxc6 10. Bf4 Nd7 11. Rad1 e5 12. Be3 g5 13. Qh5 h6 14. Bc4 Rh7
15. Be6 Bc8 16. Bf5 Rh8 17. Rxd7 Bxd7 18. Rd1 Kf8 19. Rxd7 Qe8 20. h3 Kg7 21.
a3 Rf8 22. Qe2 Bd8 23. Qa6 Bf6 24. Qc4 c5 25. Nb5 Rd8 26. Rxa7 Rd1+ 27. Kh2 Qd8
28. Nc7 Qb8 29. Qa6 Kg8 30. Nd5 Bd8 31. Rb7 Qd6 32. c4 h5 33. Rd7 Qh6 34. Ne7+
1-0

[Event "SG Ahaus-Wessum 1 - SK Dülmen 1"]
[Site "Regionalliga Münsterland 2019"]
[Date "2019.09.07"]
[Round "1.6"]
[White "Ter Horst, Carsten"]
[Black "Tecklenborg, Georg"]
[Result "1-0"]
[WhiteElo "1897"]
[BlackElo "1711"]
[PlyCount "87"]
[EventDate "2019.??.??"]
[SourceDate "2019.09.14"]

1. e4 c5 2. d4 cxd4 3. c3 dxc3 4. Nxc3 e6 5. Nf3 Nc6 6. Bc4 d6 7. O-O Nf6 8.
Qe2 a6 9. Rd1 Qc7 10. Bf4 Be7 11. h3 O-O 12. Rac1 Qb8 13. e5 dxe5 14. Nxe5 Nxe5
15. Bxe5 Qa7 16. Rd4 Nd7 17. Rg4 Nxe5 18. Qxe5 g6 19. Ne4 Qb8 20. Qh5 b5 21.
Bd3 Kh8 22. Qh6 Qe5 23. Rc7 Qxc7 24. Nf6 Qc1+ 25. Qxc1 Bxf6 26. Be4 Ra7 27. Qc5
Re7 28. Rf4 Kg7 29. Bc6 e5 30. Rf3 Be6 31. g4 g5 32. Qd6 Rc8 33. Be4 Rd7 34.
Qxa6 Rd1+ 35. Kh2 Rcc1 36. Rd3 Rf1 37. Rd2 Rce1 38. Qxb5 Bxa2 39. b3 Bb1 40.
Bg2 Rg1 41. Qc5 e4 42. b4 Rc1 43. Qd5 Bc3 44. Qxg5+ 1-0

[Event "SG Ahaus-Wessum 1 - SK Dülmen 1"]
[Site "Regionalliga Münsterland 2019"]
[Date "2019.09.07"]
[Round "1.7"]
[White "Liebing, Ingo"]
[Black "Woltering, Martin"]
[Result "0-1"]
[WhiteElo "1745"]
[BlackElo "1804"]
[PlyCount "46"]
[EventDate "2019.??.??"]
[SourceDate "2019.09.14"]

1. c4 e5 2. g3 Nc6 3. Bg2 Bc5 4. Nc3 Nf6 5. e3 O-O 6. a3 a5 7. Nge2 Re8 8. O-O
d6 9. h3 Be6 10. d4 exd4 11. exd4 Nxd4 12. Nxd4 Bxc4 13. Nde2 c6 14. b3 Ba6 15.
Qc2 d5 16. Na4 Ba7 17. Re1 d4 18. Qd2 Qe7 19. Bb2 Bxe2 20. Bf1 d3 21. Nc3 Qc5
22. Nd1 Ne4 23. Qf4 g5 0-1

[Event "SG Ahaus-Wessum 1 - SK Dülmen 1"]
[Site "Regionalliga Münsterland 2019"]
[Date "2019.09.07"]
[Round "1.8"]
[White "Mast, Holger"]
[Black "Bienhuels, Michael"]
[Result "1/2-1/2"]
[WhiteElo "1696"]
[BlackElo "1658"]
[PlyCount "84"]
[EventDate "2019.??.??"]
[SourceDate "2019.09.14"]

1. e4 c5 2. Nf3 Nc6 3. Bc4 e6 4. Nc3 Nge7 5. d4 cxd4 6. Nxd4 Nxd4 7. Qxd4 Nc6
8. Qe3 a6 9. a3 b5 10. Bb3 Bb7 11. O-O d6 12. Ne2 Be7 13. Qg3 Rg8 14. Qh3 h6
15. Qh5 Qd7 16. Be3 Bf6 17. c3 Na5 18. Bc2 Nc4 19. b3 Nxe3 20. fxe3 Bg5 21. Qf3
f5 22. Rad1 O-O-O 23. Ng3 Kb8 24. Qe2 g6 25. c4 bxc4 26. bxc4 Ka7 27. e5 Qc6
28. exd6 Rxd6 29. e4 Rgd8 30. Qf2+ Ka8 31. Rxd6 Rxd6 32. Qe1 Qxc4 33. Bb1 Bd2
34. Qe2 Qd4+ 35. Kh1 f4 36. e5 Rd8 37. Ne4 Bxe4 38. Qxe4+ Qxe4 39. Bxe4+ Ka7
40. Rd1 g5 41. Bf3 Kb6 42. g3 Kc5 1/2-1/2

[Event "SG Turm Raesfeld/Erle 2 - SK Münster 4"]
[Site "Regionalliga Münsterland 2019"]
[Date "2019.09.07"]
[Round "1.1"]
[White "Janssen, Dirk"]
[Black "Pliete, Christian"]
[Result "1-0"]
[WhiteElo "1947"]
[BlackElo "1835"]
[PlyCount "97"]
[EventDate "2019.??.??"]
[SourceDate "2019.09.14"]

1. c4 Nf6 2. Nc3 g6 3. g3 Bg7 4. Bg2 O-O 5. d4 c5 6. d5 e6 7. Nf3 exd5 8. cxd5
d6 9. O-O Re8 10. a4 Ne4 11. Nxe4 Rxe4 12. Nd2 Rb4 13. Qc2 Qb6 14. Ra2 Qa6 15.
Re1 b5 16. e4 Nd7 17. b3 bxa4 18. Rxa4 Rxa4 19. bxa4 Nb6 20. Bf1 Qxa4 21. Qxa4
Nxa4 22. Nc4 Ba6 23. Nxd6 Bxf1 24. Kxf1 Nb6 25. Be3 c4 26. Bxb6 axb6 27. Nxc4
b5 28. Ne3 b4 29. Rb1 Rb8 30. Ke2 Kf8 31. Kd3 Ke7 32. Nc4 Bc3 33. Na5 Kd6 34.
Nc6 Rb5 35. Kc4 Rc5+ 36. Kb3 Rxc6 37. dxc6 Kxc6 38. Kc4 Kd6 39. f4 Ke6 40. Rd1
h6 41. Rd5 Kf6 42. Rb5 g5 43. Rb6+ Kg7 44. Kd5 Bd2 45. f5 h5 46. e5 h4 47. Rb7
Kf8 48. f6 Kg8 49. e6 1-0